Detalles MARC
| 000 -LEADER |
| campo de control de longitud fija |
02472cam a22004694i 4500 |
| 003 - IDENTIFICADOR DE NÚMERO DE CONTROL |
| campo de control |
PE-LiUPU |
| 005 - FECHA Y HORA DE LA ÚLTIMA TRANSACCIÓN |
| campo de control |
20250731183349.0 |
| 008 - DATOS DE LONGITUD FIJA--INFORMACIÓN GENERAL |
| campo de control de longitud fija |
061121s2006 gw ae 000 0 eng d |
| 020 ## - NÚMERO INTERNACIONAL ESTÁNDAR DEL LIBRO |
| Número Internacional Estándar del Libro |
3937718974 |
| 020 ## - NÚMERO INTERNACIONAL ESTÁNDAR DEL LIBRO |
| Número Internacional Estándar del Libro |
9783937718972 |
| 035 ## - NÚMERO DE CONTROL DEL SISTEMA |
| Número de control de sistema |
(Sirsi) i9783937718972 |
| 040 ## - FUENTE DE CATALOGACIÓN |
| Centro catalogador/agencia de origen |
SITPL |
| Lengua de catalogación |
spa |
| Centro/agencia transcriptor |
SITPL |
| Centro/agencia modificador |
BAKER |
| -- |
YDXCP |
| -- |
BTCTA |
| -- |
UNAMX |
| -- |
SINLB |
| -- |
DEBSZ |
| -- |
UYB |
| -- |
HEBIS |
| -- |
DEBBG |
| -- |
OCL |
| -- |
NUKAT |
| -- |
OCLCO |
| -- |
OCLCQ |
| -- |
PE-LiUPU |
| Normas de descripción |
rda |
| 041 0# - CÓDIGO DE IDIOMA |
| Código de lengua del texto/banda sonora o título independiente |
eng |
| -- |
fre |
| -- |
ita |
| -- |
spa |
| -- |
ger |
| 049 ## - FONDOS LOCALES (OCLC) |
| Biblioteca depositaria |
PRUA |
| 082 04 - NÚMERO DE LA CLASIFICACIÓN DECIMAL DEWEY |
| Número de clasificación |
004 |
| 082 04 - NÚMERO DE LA CLASIFICACIÓN DECIMAL DEWEY |
| Número de clasificación |
729.1 |
| Cutter |
M3 |
| Número de edición |
22 |
| 110 ## - ENTRADA PRINCIPAL--NOMBRE DE ENTIDAD CORPORATIVA |
| Nombre de entidad corporativa o nombre de jurisdicción como elemento de entrada |
Daab Pub |
| Término indicativo de función/relación |
editor. |
| 9 (RLIN) |
6191 |
| 245 00 - MENCIÓN DEL TÍTULO |
| Título |
Media facades., Fachadas mediáticas/ |
| Mención de responsabilidad, etc. |
editorial Daab Pub. |
| 246 30 - FORMA VARIANTE DEL TITULO |
| Título propio/Titulo breve |
Media facades |
| 264 ## - PRODUCCIÓN, PUBLICACIÓN, DISTRIBUCIÓN, FABRICACIÓN Y COPYRIGHT |
| Producción, publicación, distribución, fabricación y copyright |
Koln ; |
| -- |
London : |
| Nombre del de productor, editor, distribuidor, fabricante |
Daab, |
| Fecha de producción, publicación, distribución, fabricación o copyright |
2006. |
| 300 ## - DESCRIPCIÓN FÍSICA |
| Extensión |
175 páginas : |
| Otras características físicas |
ilustraciones ; |
| Dimensiones |
24 centímetros. |
| 336 ## - TIPO DE CONTENIDO |
| Fuente |
rdacontent |
| 337 ## - TIPO DE MEDIO |
| Fuente |
rdamedia |
| 338 ## - TIPO DE SOPORTE |
| Fuente |
rdacarrier |
| 505 0# - NOTA DE CONTENIDO CON FORMATO |
| Nota de contenido con formato |
Indhold: Interactive programming: Campus: T-Mobile headquarters, Bonn, Sculpture: Khalifa Tower, Doha, Fata Morgana: Main Railway Station, Cologne, Life: Serono Headquarters, Geneva, Globe: Start Amadeus, Bad Homburg ; Autoactive programming: Window: Galeria Kaufhof, Alexanderplats Berlin, Stadium: LTU Arena, Düsseldorf, Inside out: SRG Television Station, Bern, Hyperboloid: Nissan Showroom, Doha, Pop: McDonald's, Chicago ; Reactive programming: Landmark: Congress Centre, Zurich, Urban: International Media Avenue, Beijing, Grid: CCTV Broadcasting Station, Beijing, The pearl: Media environment, Dubai, Blob: Multifunction Arena, Beijing, Speed: Audi Showroom, Munich, Time: Railway tower in the Sony Center, Berlin ; ag4 mediatecture company ; The media facade as part of urban culture. |
| 526 ## - NOTA DE INFORMACIÓN SOBRE EL PROGRAMA DE ESTUDIO |
| Nombre del programa |
Maestría Bim Facility Management (A distancia) |
| 526 ## - NOTA DE INFORMACIÓN SOBRE EL PROGRAMA DE ESTUDIO |
| Nombre del programa |
|
| 526 ## - NOTA DE INFORMACIÓN SOBRE EL PROGRAMA DE ESTUDIO |
| Nombre del programa |
Educación musical y artes |
| 526 ## - NOTA DE INFORMACIÓN SOBRE EL PROGRAMA DE ESTUDIO |
| Nombre del programa |
Educación, especialidad educación física |
| 526 ## - NOTA DE INFORMACIÓN SOBRE EL PROGRAMA DE ESTUDIO |
| Nombre del programa |
Arquitectura |
| 546 ## - NOTA DE IDIOMA |
| Nota de lengua/lenguaje |
Texto en Inglés , francés, italiano , español y alemán. |
| 650 17 - PUNTO DE ACCESO ADICIONAL DE MATERIA--TÉRMINO DE MATERIA |
| Término de materia o nombre geográfico como elemento de entrada |
Diseño arquitectónico. |
| Fuente del encabezamiento o término |
lemb |
| 9 (RLIN) |
4380 |
| 650 17 - PUNTO DE ACCESO ADICIONAL DE MATERIA--TÉRMINO DE MATERIA |
| Término de materia o nombre geográfico como elemento de entrada |
Fachadas. |
| Fuente del encabezamiento o término |
lemb |
| 650 27 - PUNTO DE ACCESO ADICIONAL DE MATERIA--TÉRMINO DE MATERIA |
| Término de materia o nombre geográfico como elemento de entrada |
Fachadas |
| Subdivisión general |
Diseño. |
| Fuente del encabezamiento o término |
lemb |
| 650 27 - PUNTO DE ACCESO ADICIONAL DE MATERIA--TÉRMINO DE MATERIA |
| Término de materia o nombre geográfico como elemento de entrada |
Fachadas |
| Subdivisión general |
Programación. |
| Fuente del encabezamiento o término |
lemb |
| 710 ## - ENTRADA AGREGADA--NOMBRE DE ENTIDAD CORPORATIVA |
| Nombre de entidad corporativa o nombre de jurisdicción como elemento de entrada |
Ag4 mediatecture company, |
| Término indicativo de función/relación |
editor. |
| 9 (RLIN) |
6192 |
| 856 41 - LOCALIZACIÓN Y ACCESO ELECTRÓNICOS |
| Materiales especificados |
Tabla de contenido |
| Identificador Uniforme de Recursos |
<a href="http://bvbr.bib-bvb.de:8991/F?func=service&doc_library=BVB01&doc_number=016307683&line_number=0001&func_code=DB_RECORDS&service_type=MEDIA">http://bvbr.bib-bvb.de:8991/F?func=service&doc_library=BVB01&doc_number=016307683&line_number=0001&func_code=DB_RECORDS&service_type=MEDIA</a> |
| 856 48 - LOCALIZACIÓN Y ACCESO ELECTRÓNICOS |
| Identificador Uniforme de Recursos |
<a href="http://www.nukat.edu.pl/nukat/icov/L30/xx001046691.jpg">http://www.nukat.edu.pl/nukat/icov/L30/xx001046691.jpg</a> |
| 942 ## - ELEMENTOS DE ENTRADA SECUNDARIOS (KOHA) |
| Fuente del sistema de clasificación o colocación |
Clasificación Decimal Dewey |
| Tipo de ítem Koha |
Libros físicos |
| 980 ## - EQUIVALENCIA O REFERENCIA-CRUZADA-MENCIÓN DE SERIE--NOMBRE DE PERSONA/TÍTULO [LOCAL, CANADÁ] |
| ID del último usuario que modificó el registro |
1 |
| Nombre del último usuario que modificó el registro |
ALBERTO SANCHEZ Responsable de Automatización |